| 000 | 00561nam a22002057a 4500 | ||
|---|---|---|---|
| 003 | DO-SdBNP | ||
| 005 | 20211028084959.0 | ||
| 007 | ta | ||
| 008 | 210531e2017 dr ac||er|||| 00| 0desp d | ||
| 020 | _a9789945502039 | ||
| 040 |
_aDO-SdBNP _bspa _cBNPHU |
||
| 082 | 4 |
_222 _bF375L |
|
| 100 | 1 |
_aFerrari Winzey, Carolina _978714 |
|
| 245 | 1 | 3 |
_aLo que el alma esconde / _cCarolina Ferrari Winzey |
| 260 |
_aSanto Domingo: _b[Serigraf], _c2017. |
||
| 300 |
_a103 p. : _bil., retr. ; _c22 cm. |
||
| 590 | _aInventariado, 2021/MF | ||
| 910 | _aMF | ||
| 942 |
_2ddc _cLBS1 |
||
| 999 |
_c49864 _d49864 |
||